00745nam a2200181 a 4500003000200000005001700002008004100019050002900060100003200089245010100121260009200222300004000314504004100354650003700395650004300432650004700475650004100522020250415151329.0970101s19uu xx 00 eng d aPGS HQ 777.5b.C261 2004 aCarandang, Christine Mae S. aThe effects of having separated parents on the grade six students /cChristine Mae S. Carandang. aLas Piñas City, Philippines : bSouthville International School and Colleges,c2004. a20 pages :billustrations ;c28 cm. aIncludes bibliographical references. aChildren of separated parents.  aChildrenvPsychologyvDivorce effects. aAcademic performancevFamily disruption.  aSeparation anxietyvSchool children.